| 000 | 00858nam a22002417a 4500 | ||
|---|---|---|---|
| 005 | 20241010062519.0 | ||
| 999 |
_c11254 _d11254 |
||
| 008 | 181024b ||||| |||| 00| 0 eng d | ||
| 020 | _a978-1-260-08488-7 | ||
| 082 |
_22019 _aDC 621.319 _bEn332 |
||
| 100 |
_aHayt, William H. _dJr. _932404 |
||
| 245 |
_aEngineering circuit analysis / _cWilliam H. Hayt, Jr., Jack E. Kemmerly, Jamie D. Philips, and Steven M. Durbin |
||
| 250 | _aNinth Edition | ||
| 260 |
_aNew York: _bMcGraw-Hill Education, _c©2019. |
||
| 300 |
_axvii, 864 pagrs: _bcolored illustrations; _c25 cm. |
||
| 500 | _aIncludes appendix and index. | ||
| 650 |
_aElectric circuit analysis _932405 |
||
| 650 |
_aElectric network analysis _932406 |
||
| 700 |
_aKemmerly, Jack E. _932407 |
||
| 700 |
_aPhilips, Jamie D. _932408 |
||
| 700 |
_aDurbin, Steven M. _932409 |
||
| 365 |
_b7,195.00 _cPhp. |
||
| 942 |
_2ddc _cDC |
||